00555nam a2200133Ia 4500008004100000100003100041245012200072260002600194300001800220650001200238856007900250999001900329952007300348160712s9999 xx 000 0 und d aBalela, Mary Donnabelle L. cMary Donnabelle L. Balela,aFormation of Highly Antimicrobial Copper Nanoparticles by Electroless Deposition in Water c2015bScience Diliman avol. 27 no. 2 xSCIENCE uhttp://journals.upd.edu.ph/index.php/sciencediliman/issue/view/511/showToc c297102d297102 001040aCLbCLd2016-07-12l0r2016-07-12 00:00:00w2016-07-12yFEJ